|
|
|
|
| LEADER |
01218nam a2200337 4500 |
| 001 |
DLU180184639 |
| 005 |
##20180503 |
| 020 |
# |
# |
|a 9786045395882
|
| 040 |
# |
# |
|a DLU
|b vie
|
| 041 |
# |
# |
|a vie
|
| 044 |
# |
# |
|a vn
|
| 082 |
# |
# |
|a 391.009 597
|b TR-T
|
| 100 |
# |
# |
|a Trần Thị Thu Thủy.
|
| 245 |
# |
# |
|a Trang phục cổ truyền của người HMông Hoa ở tỉnh Yên Bái /
|c Trần Thị Thu Thủy.
|
| 246 |
# |
# |
|a Trang phục cổ truyền của người H'Mông Hoa ở tỉnh Yên Bái
|
| 260 |
# |
# |
|a H. :
|b Hội nhà văn,
|c 2017.
|
| 300 |
# |
# |
|a 299 tr. ;
|c 21 cm.
|
| 504 |
# |
# |
|a Tài liệu tham khảo: tr. 278-294.
|
| 505 |
# |
# |
|a Chương 1. Người Hmông Hoa ở tỉnh Yên Bái -- Chương 2. Trang phục cổ truyền của người Hmông Hoa ở tỉnh Yên Bái -- Chương 3. So sánh trang phục của người Hmông Hoa ở Yên Bái với các nhóm Hmông Hoa khác.
|
| 650 |
# |
# |
|a H'Mông (Dân tộc Châu Á)
|z Việt Nam
|z Yên Bái
|x Trang phục.
|
| 923 |
# |
# |
|a 01/2018
|
| 991 |
# |
# |
|a SH
|
| 992 |
# |
# |
|a 12000
|
| 994 |
# |
# |
|a DLU
|
| 900 |
# |
# |
|a True
|
| 911 |
# |
# |
|a Nguyễn Thanh Hương
|
| 925 |
# |
# |
|a G
|
| 926 |
# |
# |
|a A
|
| 927 |
# |
# |
|a SH
|
| 980 |
# |
# |
|a Thư viện Trường Đại học Đà Lạt
|